[Event "Memorial Kurnosova 2017"]
[Site "?"]
[Date "2017.09.08"]
[Round "3.6"]
[White "Khanin, Semen"]
[Black "Predke, Alexandr"]
[Result "0-1"]
[LiveChessVersion "1.4.8"]
[BlackElo "2592"]
[WhiteElo "2415"]

1. e4 {[%clk 0:15:18]} e5 {[%clk 0:15:07]} 2. Nf3 {[%clk 0:15:22]} Nc6
{[%clk 0:15:15]} 3. Bb5 {[%clk 0:15:30]} a6 {[%clk 0:15:23]} 4. Ba4
{[%clk 0:15:38]} Nf6 {[%clk 0:15:32]} 5. O-O {[%clk 0:15:46]} Be7
{[%clk 0:15:40]} 6. Re1 {[%clk 0:15:54]} b5 {[%clk 0:15:48]} 7. Bb3
{[%clk 0:16:03]} d6 {[%clk 0:15:56]} 8. c3 {[%clk 0:16:11]} O-O {[%clk 0:16:04]}
9. h3 {[%clk 0:16:20]} Re8 {[%clk 0:15:57]} 10. d4 {[%clk 0:16:11]} Bb7
{[%clk 0:16:03]} 11. Nbd2 {[%clk 0:16:03]} Bf8 {[%clk 0:16:09]} 12. d5
{[%clk 0:16:00]} Nb8 {[%clk 0:16:08]} 13. Nf1 {[%clk 0:16:07]} Nbd7
{[%clk 0:16:10]} 14. N3h2 {[%clk 0:15:44]} Nc5 {[%clk 0:16:13]} 15. Bc2
{[%clk 0:15:46]} c6 {[%clk 0:16:22]} 16. dxc6 {[%clk 0:14:40]} Bxc6
{[%clk 0:16:30]} 17. Bg5 {[%clk 0:14:05]} Be7 {[%clk 0:14:35]} 18. Bxf6
{[%clk 0:12:12]} Bxf6 {[%clk 0:14:44]} 19. Ng4 {[%clk 0:12:20]} Bg5
{[%clk 0:14:27]} 20. b4 {[%clk 0:09:30]} Ne6 {[%clk 0:14:09]} 21. Bb3
{[%clk 0:09:11]} h5 {[%clk 0:13:49]} 22. Ngh2 {[%clk 0:09:00]} g6
{[%clk 0:13:43]} 23. a4 {[%clk 0:07:58]} Qc7 {[%clk 0:11:43]} 24. axb5
{[%clk 0:06:18]} axb5 {[%clk 0:11:51]} 25. Qf3 {[%clk 0:06:11]} Kg7
{[%clk 0:11:00]} 26. Ne3 {[%clk 0:06:11]} Nf4 {[%clk 0:06:44]} 27. h4
{[%clk 0:05:02]} Bxh4 {[%clk 0:06:25]} 28. g3 {[%clk 0:03:33]} Nh3+
{[%clk 0:06:32]} 29. Kf1 {[%clk 0:03:41]} Ng5 {[%clk 0:05:34]} 30. Qd1
{[%clk 0:03:03]} Rxa1 {[%clk 0:04:30]} 31. Qxa1 {[%clk 0:03:12]} Nxe4
{[%clk 0:03:04]} 32. gxh4 {[%clk 0:03:19]} Nd2+ {[%clk 0:03:13]} 33. Ke2
{[%clk 0:02:19]} Nxb3 {[%clk 0:03:21]} 34. Qa2 {[%clk 0:02:22]} Bd5
{[%clk 0:03:04]} 35. Nxd5 {[%clk 0:02:18]} Qc4+ {[%clk 0:03:13]} 36. Ke3
{[%clk 0:02:27]} Qxd5 {[%clk 0:03:10]} 37. Rb1 {[%clk 0:02:32]} Qc4
{[%clk 0:02:15]} 38. Qxb3 {[%clk 0:02:04]} Qf4+ {[%clk 0:02:24]} 39. Ke2
{[%clk 0:02:13]} Qxh2 {[%clk 0:02:32]} 40. Qd5 {[%clk 0:02:18]} Qxh4
{[%clk 0:02:30]} 41. Ra1 {[%clk 0:02:17]} Rc8 {[%clk 0:01:56]} 42. Qxd6
{[%clk 0:01:04]} Qc4+ {[%clk 0:01:29]} 43. Qd3 {[%clk 0:01:13]} Qxc3
{[%clk 0:01:22]} 44. Qxc3 {[%clk 0:01:17]} Rxc3 {[%clk 0:01:31]} 45. Ra5
{[%clk 0:01:26]} h4 {[%clk 0:01:32]} 46. Kf1 {[%clk 0:01:35]} g5 {[%clk 0:01:02]}
47. Rxb5 {[%clk 0:01:43]} f6 {[%clk 0:01:12]} 48. Rb8 {[%clk 0:01:33]} Rb3
{[%clk 0:01:16]} 49. b5 {[%clk 0:01:42]} Kg6 {[%clk 0:01:25]} 50. b6
{[%clk 0:01:50]} Kf5 {[%clk 0:01:31]} 51. b7 {[%clk 0:01:51]} h3 {[%clk 0:01:34]}
52. Kg1 {[%clk 0:01:59]} Rb2 {[%clk 0:01:41]} 53. Rh8 {[%clk 0:01:31]} Rxb7
{[%clk 0:01:44]} 54. Rxh3 {[%clk 0:01:34]} Kf4 {[%clk 0:01:51]} 55. Kg2
{[%clk 0:01:41]} e4 {[%clk 0:01:54]} 56. Rh6 {[%clk 0:01:37]} f5 {[%clk 0:01:59]}
57. Rc6 {[%clk 0:01:39]} Rb2 {[%clk 0:02:04]} 58. Rc3 {[%clk 0:01:43]} g4
{[%clk 0:02:11]} 59. Ra3 {[%clk 0:01:51]} Rd2 {[%clk 0:02:19]} 60. Kf1
{[%clk 0:01:32]} Rd3 {[%clk 0:02:24]} 61. Ra8 {[%clk 0:01:35]} Kf3
{[%clk 0:02:29]} 62. Ke1 {[%clk 0:01:44]} Rb3 {[%clk 0:02:34]} 63. Rf8
{[%clk 0:01:50]} Rb1+ {[%clk 0:02:41]} 64. Kd2 {[%clk 0:01:58]} f4
{[%clk 0:02:50]} 65. Kc3 {[%clk 0:01:58]} Rf1 {[%clk 0:02:52]} 66. Kd4
{[%clk 0:10:40]} 0-1

[Event "Memorial Kurnosova 2017"]
[Site "?"]
[Date "2017.09.08"]
[Round "3.7"]
[White "Bocharov, Ivan"]
[Black "Drygalov, Andrey"]
[Result "1-0"]
[LiveChessVersion "1.4.8"]
[BlackElo "2392"]
[WhiteElo "2590"]

1. e4 {[%clk 0:15:19]} c5 {[%clk 0:15:19]} 2. Nf3 {[%clk 0:15:28]} e6
{[%clk 0:15:28]} 3. c3 {[%clk 0:15:25]} Nf6 {[%clk 0:15:37]} 4. e5
{[%clk 0:15:28]} Nd5 {[%clk 0:15:45]} 5. d4 {[%clk 0:15:30]} cxd4
{[%clk 0:15:54]} 6. Qxd4 {[%clk 0:15:26]} Nc6 {[%clk 0:16:03]} 7. Qe4
{[%clk 0:15:30]} f5 {[%clk 0:16:11]} 8. exf6 {[%clk 0:15:24]} Nxf6
{[%clk 0:16:19]} 9. Qc2 {[%clk 0:14:51]} Be7 {[%clk 0:12:01]} 10. Bf4
{[%clk 0:12:33]} O-O {[%clk 0:11:27]} 11. Nbd2 {[%clk 0:12:38]} d6
{[%clk 0:10:43]} 12. Bc4 {[%clk 0:12:12]} Kh8 {[%clk 0:10:36]} 13. Bg3
{[%clk 0:11:59]} e5 {[%clk 0:10:05]} 14. O-O {[%clk 0:11:46]} d5 {[%clk 0:09:52]}
15. Be2 {[%clk 0:11:14]} e4 {[%clk 0:08:13]} 16. Ne5 {[%clk 0:10:12]} Bd6
{[%clk 0:06:52]} 17. Nxc6 {[%clk 0:09:29]} bxc6 {[%clk 0:07:01]} 18. Rad1
{[%clk 0:09:38]} Bxg3 {[%clk 0:06:51]} 19. hxg3 {[%clk 0:09:47]} Qe8
{[%clk 0:06:40]} 20. Rfe1 {[%clk 0:05:29]} e3 {[%clk 0:05:34]} 21. Bf3
{[%clk 0:05:38]} exf2+ {[%clk 0:04:52]} 22. Kxf2 {[%clk 0:05:46]} Qd8
{[%clk 0:03:28]} 23. Nb3 {[%clk 0:01:37]} Qc7 {[%clk 0:01:54]} 24. Kg1
{[%clk 0:01:24]} Qxg3 {[%clk 0:01:50]} 25. Qf2 {[%clk 0:01:33]} Qg5
{[%clk 0:00:30]} 26. Nd4 {[%clk 0:01:02]} Bd7 {[%clk 0:00:27]} 27. Qe3
{[%clk 0:00:40]} Qxe3+ {[%clk 0:00:24]} 28. Rxe3 {[%clk 0:00:48]} Rae8
{[%clk 0:00:19]} 29. Rde1 {[%clk 0:00:58]} Rxe3 {[%clk 0:00:19]} 30. Rxe3
{[%clk 0:01:07]} Kg8 {[%clk 0:00:21]} 31. b4 {[%clk 0:01:16]} Re8
{[%clk 0:00:26]} 32. Kf2 {[%clk 0:01:24]} Rxe3 {[%clk 0:00:18]} 33. Kxe3
{[%clk 0:01:33]} Kf7 {[%clk 0:00:21]} 34. c4 {[%clk 0:01:32]} Ke7
{[%clk 0:00:14]} 35. cxd5 {[%clk 0:01:36]} cxd5 {[%clk 0:00:22]} 36. Ne2
{[%clk 0:01:28]} Kd6 {[%clk 0:00:30]} 37. Kd4 {[%clk 0:01:37]} g5
{[%clk 0:00:15]} 38. Nc3 {[%clk 0:01:44]} Bc6 {[%clk 0:00:16]} 39. b5
{[%clk 0:01:44]} Bd7 {[%clk 0:00:16]} 40. a4 {[%clk 0:01:51]} Be6
{[%clk 0:00:24]} 41. a5 {[%clk 0:01:57]} g4 {[%clk 0:00:27]} 42. Bd1
{[%clk 0:01:33]} h5 {[%clk 0:00:20]} 43. g3 {[%clk 0:01:42]} Nd7 {[%clk 0:00:18]}
44. Bb3 {[%clk 0:01:38]} Ne5 {[%clk 0:00:15]} 45. Bxd5 {[%clk 0:01:16]} Bxd5
{[%clk 0:00:17]} 46. Nxd5 {[%clk 0:01:25]} Nf3+ {[%clk 0:00:14]} 47. Ke4
{[%clk 0:01:32]} Nd2+ {[%clk 0:00:22]} 48. Kd3 {[%clk 0:01:30]} Nf1
{[%clk 0:00:14]} 49. a6 {[%clk 0:01:37]} Nxg3 {[%clk 0:00:11]} 50. b6
{[%clk 0:01:47]} Kxd5 {[%clk 0:00:06]} 1-0

[Event "Memorial Kurnosova 2017"]
[Site "?"]
[Date "2017.09.08"]
[Round "3.8"]
[White "Chigaev, Maksim"]
[Black "Frolov, Ivan"]
[Result "1-0"]
[LiveChessVersion "1.4.8"]
[BlackElo "2389"]
[WhiteElo "2587"]

1. e4 {[%clk 0:15:17]} c6 {[%clk 0:14:59]} 2. d4 {[%clk 0:15:24]} d5
{[%clk 0:15:08]} 3. exd5 {[%clk 0:15:30]} cxd5 {[%clk 0:15:17]} 4. Bd3
{[%clk 0:15:38]} Qc7 {[%clk 0:15:17]} 5. c3 {[%clk 0:15:45]} Nc6 {[%clk 0:15:22]}
6. Ne2 {[%clk 0:15:53]} Bg4 {[%clk 0:14:18]} 7. O-O {[%clk 0:16:00]} e6
{[%clk 0:13:21]} 8. Qe1 {[%clk 0:16:05]} Bd6 {[%clk 0:12:32]} 9. f3
{[%clk 0:16:13]} Bh5 {[%clk 0:12:36]} 10. Qh4 {[%clk 0:16:21]} Bg6
{[%clk 0:11:41]} 11. Bxg6 {[%clk 0:16:28]} fxg6 {[%clk 0:11:49]} 12. Bf4
{[%clk 0:16:35]} Nf6 {[%clk 0:11:52]} 13. Nd2 {[%clk 0:13:01]} O-O
{[%clk 0:11:55]} 14. Bxd6 {[%clk 0:13:01]} Qxd6 {[%clk 0:12:03]} 15. Rae1
{[%clk 0:13:05]} b5 {[%clk 0:10:10]} 16. Qg3 {[%clk 0:11:47]} Qxg3
{[%clk 0:09:52]} 17. hxg3 {[%clk 0:11:41]} b4 {[%clk 0:09:38]} 18. Nf4
{[%clk 0:11:42]} bxc3 {[%clk 0:08:45]} 19. bxc3 {[%clk 0:11:50]} Nd8
{[%clk 0:08:08]} 20. Nxe6 {[%clk 0:11:05]} Nxe6 {[%clk 0:08:16]} 21. Rxe6
{[%clk 0:11:13]} Rfc8 {[%clk 0:08:26]} 22. Rc1 {[%clk 0:11:06]} Rab8
{[%clk 0:08:17]} 23. Nb3 {[%clk 0:11:09]} Kf7 {[%clk 0:07:41]} 24. Ra6
{[%clk 0:11:16]} Rc7 {[%clk 0:07:50]} 25. Rc2 {[%clk 0:08:29]} g5
{[%clk 0:07:48]} 26. Nc5 {[%clk 0:08:15]} Re7 {[%clk 0:07:57]} 27. Nd3
{[%clk 0:08:10]} Rb1+ {[%clk 0:06:42]} 28. Kf2 {[%clk 0:08:09]} g4
{[%clk 0:06:22]} 29. Ne5+ {[%clk 0:07:09]} Kg8 {[%clk 0:06:31]} 30. Re2
{[%clk 0:06:27]} Rc7 {[%clk 0:05:54]} 31. Rc6 {[%clk 0:05:44]} Rxc6
{[%clk 0:05:48]} 32. Nxc6 {[%clk 0:05:52]} a6 {[%clk 0:05:28]} 33. Rc2
{[%clk 0:05:20]} h5 {[%clk 0:05:30]} 34. a4 {[%clk 0:04:18]} Ra1 {[%clk 0:05:34]}
35. a5 {[%clk 0:04:26]} Ne8 {[%clk 0:05:20]} 36. Ne7+ {[%clk 0:04:22]} Kf7
{[%clk 0:05:26]} 37. Nxd5 {[%clk 0:04:30]} Rxa5 {[%clk 0:05:34]} 38. c4
{[%clk 0:04:04]} gxf3 {[%clk 0:05:00]} 39. gxf3 {[%clk 0:04:12]} Ra4
{[%clk 0:04:58]} 40. Ne3 {[%clk 0:04:06]} Rb4 {[%clk 0:04:49]} 41. d5
{[%clk 0:04:10]} a5 {[%clk 0:04:58]} 42. c5 {[%clk 0:04:08]} a4 {[%clk 0:05:06]}
43. d6 {[%clk 0:03:17]} Nxd6 {[%clk 0:04:37]} 44. cxd6 {[%clk 0:03:23]} Ke6
{[%clk 0:04:46]} 45. Nc4 {[%clk 0:02:59]} Kd7 {[%clk 0:04:46]} 46. Ke3
{[%clk 0:02:54]} a3 {[%clk 0:04:17]} 47. Kd4 {[%clk 0:02:49]} Rb3
{[%clk 0:04:21]} 48. Ra2 {[%clk 0:01:51]} g5 {[%clk 0:04:11]} 49. Rxa3
{[%clk 0:01:59]} Rxa3 {[%clk 0:04:19]} 50. Nxa3 {[%clk 0:02:07]} h4
{[%clk 0:04:21]} 51. gxh4 {[%clk 0:02:15]} gxh4 {[%clk 0:04:30]} 52. Nc4
{[%clk 0:02:07]} h3 {[%clk 0:04:06]} 53. Ne5+ {[%clk 0:02:15]} Kxd6
{[%clk 0:04:15]} 54. Ng4 {[%clk 0:02:23]} Kd5+ {[%clk 0:04:15]} 55. Ke4+ 1-0

[Event "Memorial Kurnosova 2017"]
[Site "?"]
[Date "2017.09.08"]
[Round "3.9"]
[White "Girya, Olga"]
[Black "Tregubov, Pavel V."]
[Result "1/2-1/2"]
[LiveChessVersion "1.4.8"]
[BlackElo "2578"]
[WhiteElo "2389"]

1. d4 {[%clk 0:15:18]} Nf6 {[%clk 0:15:19]} 2. c4 {[%clk 0:15:27]} e6
{[%clk 0:15:27]} 3. Nf3 {[%clk 0:15:35]} Nc6 {[%clk 0:15:36]} 4. Nc3
{[%clk 0:15:37]} Bb4 {[%clk 0:15:44]} 5. Qc2 {[%clk 0:15:27]} d6 {[%clk 0:15:52]}
6. Bd2 {[%clk 0:15:31]} O-O {[%clk 0:15:59]} 7. a3 {[%clk 0:15:02]} Bxc3
{[%clk 0:16:06]} 8. Bxc3 {[%clk 0:15:11]} Qe7 {[%clk 0:16:14]} 9. g3
{[%clk 0:14:51]} e5 {[%clk 0:16:21]} 10. d5 {[%clk 0:14:58]} Nb8 {[%clk 0:16:29]}
11. Bg2 {[%clk 0:15:06]} c6 {[%clk 0:16:36]} 12. dxc6 {[%clk 0:13:13]} Nxc6
{[%clk 0:16:44]} 13. b4 {[%clk 0:13:11]} a6 {[%clk 0:11:24]} 14. O-O
{[%clk 0:12:58]} Be6 {[%clk 0:09:30]} 15. Bb2 {[%clk 0:12:36]} Rac8
{[%clk 0:09:34]} 16. Rac1 {[%clk 0:12:15]} h6 {[%clk 0:09:07]} 17. c5
{[%clk 0:10:27]} Bd5 {[%clk 0:07:50]} 18. Rfd1 {[%clk 0:08:10]} Qe6
{[%clk 0:07:42]} 19. Qc3 {[%clk 0:05:46]} dxc5 {[%clk 0:07:31]} 20. Qxc5
{[%clk 0:04:43]} Bxf3 {[%clk 0:05:57]} 21. Bxf3 {[%clk 0:02:49]} Nd4
{[%clk 0:05:59]} 22. Qa7 {[%clk 0:02:35]} Nxf3+ {[%clk 0:05:41]} 23. exf3
{[%clk 0:02:43]} Rxc1 {[%clk 0:04:32]} 24. Rxc1 {[%clk 0:02:49]} Qd5
{[%clk 0:04:32]} 25. Qe3 {[%clk 0:02:45]} Re8 {[%clk 0:04:32]} 26. Rc5
{[%clk 0:01:44]} Qa2 {[%clk 0:01:57]} 27. Qc1 {[%clk 0:01:13]} Nd7
{[%clk 0:01:19]} 28. Rc7 {[%clk 0:00:54]} Nb6 {[%clk 0:01:25]} 29. Kg2
{[%clk 0:00:29]} Na4 {[%clk 0:01:06]} 30. Ba1 {[%clk 0:00:15]} b5
{[%clk 0:01:11]} 31. Ra7 {[%clk 0:00:17]} Qd5 {[%clk 0:00:47]} 32. Qe3
{[%clk 0:00:12]} e4 {[%clk 0:00:22]} 33. f4 {[%clk 0:00:21]} Qc6 {[%clk 0:00:25]}
34. Bd4 {[%clk 0:00:21]} Rd8 {[%clk 0:00:23]} 35. Re7 {[%clk 0:00:22]} Re8
{[%clk 0:00:25]} 36. Rxe8+ {[%clk 0:00:17]} Qxe8 {[%clk 0:00:34]} 37. f3
{[%clk 0:00:26]} exf3+ {[%clk 0:00:41]} 38. Kxf3 {[%clk 0:00:35]} Qc6+
{[%clk 0:00:45]} 39. Qe4 {[%clk 0:00:40]} Qc8 {[%clk 0:00:47]} 40. Qe5
{[%clk 0:00:41]} f6 {[%clk 0:00:54]} 41. Qd5+ {[%clk 0:00:49]} Kh8
{[%clk 0:01:01]} 42. Qe4 {[%clk 0:00:43]} Nc3 {[%clk 0:00:56]} 43. Bxc3
{[%clk 0:00:33]} Qxc3+ {[%clk 0:01:05]} 44. Qe3 {[%clk 0:00:42]} Qc6+
{[%clk 0:01:06]} 45. Qe4 {[%clk 0:00:49]} Qc8 {[%clk 0:01:05]} 46. Qd4
{[%clk 0:00:42]} Qh3 {[%clk 0:00:46]} 47. Qd8+ {[%clk 0:00:21]} Kh7
{[%clk 0:00:55]} 48. Qd3+ {[%clk 0:00:23]} Kh8 {[%clk 0:00:49]} 1/2-1/2

[Event "Memorial Kurnosova 2017"]
[Site "?"]
[Date "2017.09.08"]
[Round "4.1"]
[White "Stupak, Kirill"]
[Black "Riazantsev, Alexander"]
[Result "1/2-1/2"]
[LiveChessVersion "1.4.8"]
[BlackElo "2703"]
[WhiteElo "2546"]

1. d4 {[%clk 0:15:18]} Nf6 {[%clk 0:15:19]} 2. Nf3 {[%clk 0:15:26]} d5
{[%clk 0:15:26]} 3. c4 {[%clk 0:15:34]} e6 {[%clk 0:15:35]} 4. Bg5
{[%clk 0:15:42]} Be7 {[%clk 0:15:29]} 5. e3 {[%clk 0:15:46]} h6 {[%clk 0:15:35]}
6. Bh4 {[%clk 0:15:50]} O-O {[%clk 0:15:43]} 7. Nc3 {[%clk 0:15:58]} b6
{[%clk 0:15:43]} 8. Rc1 {[%clk 0:16:01]} Bb7 {[%clk 0:15:33]} 9. cxd5
{[%clk 0:16:09]} Nxd5 {[%clk 0:15:30]} 10. Bxe7 {[%clk 0:16:14]} Qxe7
{[%clk 0:15:30]} 11. Be2 {[%clk 0:16:10]} 1/2-1/2

[Event "Memorial Kurnosova 2017"]
[Site "?"]
[Date "2017.09.08"]
[Round "4.2"]
[White "Lysyj, Igor"]
[Black "Yuffa, Daniil"]
[Result "0-1"]
[LiveChessVersion "1.4.8"]
[BlackElo "2554"]
[WhiteElo "2667"]

1. d4 {[%clk 0:15:19]} Nf6 {[%clk 0:15:18]} 2. c4 {[%clk 0:15:27]} c5
{[%clk 0:15:26]} 3. d5 {[%clk 0:15:36]} g6 {[%clk 0:15:35]} 4. Nc3
{[%clk 0:15:36]} Bg7 {[%clk 0:15:43]} 5. e4 {[%clk 0:15:36]} O-O {[%clk 0:15:50]}
6. Bd3 {[%clk 0:15:05]} e6 {[%clk 0:15:42]} 7. h3 {[%clk 0:15:04]} exd5
{[%clk 0:15:33]} 8. exd5 {[%clk 0:15:11]} Re8+ {[%clk 0:15:17]} 9. Nge2
{[%clk 0:15:19]} d6 {[%clk 0:14:36]} 10. Bg5 {[%clk 0:15:27]} Nbd7
{[%clk 0:14:34]} 11. f4 {[%clk 0:15:35]} a6 {[%clk 0:14:21]} 12. a4
{[%clk 0:15:22]} Qa5 {[%clk 0:11:32]} 13. O-O {[%clk 0:15:10]} h6
{[%clk 0:11:34]} 14. Bh4 {[%clk 0:15:15]} Nh7 {[%clk 0:11:29]} 15. Be1
{[%clk 0:14:31]} Qd8 {[%clk 0:11:26]} 16. Bd2 {[%clk 0:12:16]} f5
{[%clk 0:10:44]} 17. Qc2 {[%clk 0:12:09]} Nhf6 {[%clk 0:09:25]} 18. Rae1
{[%clk 0:12:09]} Nh5 {[%clk 0:08:26]} 19. g4 {[%clk 0:10:41]} fxg4
{[%clk 0:07:33]} 20. Bxg6 {[%clk 0:09:27]} Qh4 {[%clk 0:07:23]} 21. Rf2
{[%clk 0:07:17]} g3 {[%clk 0:06:00]} 22. Rg2 {[%clk 0:06:28]} Ndf6
{[%clk 0:06:09]} 23. Bf5 {[%clk 0:04:24]} Re7 {[%clk 0:04:42]} 24. Nxg3
{[%clk 0:03:27]} Rxe1+ {[%clk 0:01:24]} 25. Bxe1 {[%clk 0:03:35]} Nxf4
{[%clk 0:01:30]} 26. Rh2 {[%clk 0:01:36]} Bxf5 {[%clk 0:01:39]} 27. Qxf5
{[%clk 0:01:44]} Re8 {[%clk 0:01:43]} 28. Bf2 {[%clk 0:01:34]} Re5
{[%clk 0:01:13]} 29. Qc8+ {[%clk 0:01:42]} Re8 {[%clk 0:01:22]} 30. Qf5
{[%clk 0:01:51]} Re5 {[%clk 0:00:48]} 31. Qc8+ {[%clk 0:01:59]} Kh7
{[%clk 0:00:26]} 32. Kh1 {[%clk 0:00:51]} Nd3 {[%clk 0:00:29]} 33. Nge4
{[%clk 0:00:51]} Nxf2+ {[%clk 0:00:31]} 34. Nxf2 {[%clk 0:00:49]} Qg3
{[%clk 0:00:32]} 0-1

[Event "Memorial Kurnosova 2017"]
[Site "?"]
[Date "2017.09.08"]
[Round "4.3"]
[White "Predke, Alexandr"]
[Black "Khenkin, Igor"]
[Result "1/2-1/2"]
[LiveChessVersion "1.4.8"]
[BlackElo "2540"]
[WhiteElo "2592"]

1. e4 {[%clk 0:15:18]} c6 {[%clk 0:15:18]} 2. d4 {[%clk 0:15:19]} d5
{[%clk 0:15:28]} 3. Nc3 {[%clk 0:15:28]} dxe4 {[%clk 0:15:37]} 4. Nxe4
{[%clk 0:15:37]} Bf5 {[%clk 0:15:46]} 5. Ng3 {[%clk 0:15:45]} Bg6
{[%clk 0:15:55]} 6. h4 {[%clk 0:15:51]} h6 {[%clk 0:16:05]} 7. Nf3
{[%clk 0:15:59]} e6 {[%clk 0:16:05]} 8. Ne5 {[%clk 0:15:50]} Bh7 {[%clk 0:16:14]}
9. Bd3 {[%clk 0:15:56]} Bxd3 {[%clk 0:16:22]} 10. Qxd3 {[%clk 0:16:05]} Nd7
{[%clk 0:16:26]} 11. Qe2 {[%clk 0:15:59]} Ngf6 {[%clk 0:15:28]} 12. Bd2
{[%clk 0:16:03]} Qb6 {[%clk 0:14:28]} 13. O-O-O {[%clk 0:11:54]} Qxd4
{[%clk 0:11:22]} 14. Nxd7 {[%clk 0:11:58]} Nxd7 {[%clk 0:11:19]} 15. Kb1
{[%clk 0:11:50]} Qe5 {[%clk 0:11:00]} 16. Qf3 {[%clk 0:11:27]} Qd5
{[%clk 0:09:23]} 17. Qe2 {[%clk 0:11:15]} Qe5 {[%clk 0:09:30]} 18. Qf3
{[%clk 0:07:18]} Qd5 {[%clk 0:09:38]} 19. Qe2 {[%clk 0:07:02]} 1/2-1/2

[Event "Memorial Kurnosova 2017"]
[Site "?"]
[Date "2017.09.08"]
[Round "4.4"]
[White "Gunina, Valentina"]
[Black "Bocharov, Ivan"]
[Result "0-1"]
[LiveChessVersion "1.4.8"]
[BlackElo "2590"]
[WhiteElo "2528"]

1. e4 {[%clk 0:15:18]} e5 {[%clk 0:15:19]} 2. Nf3 {[%clk 0:15:26]} Nc6
{[%clk 0:15:28]} 3. Bc4 {[%clk 0:15:34]} Bc5 {[%clk 0:15:33]} 4. d3
{[%clk 0:15:31]} Nf6 {[%clk 0:15:36]} 5. c3 {[%clk 0:15:31]} O-O {[%clk 0:15:24]}
6. O-O {[%clk 0:15:33]} d6 {[%clk 0:15:18]} 7. a4 {[%clk 0:15:38]} a6
{[%clk 0:15:22]} 8. h3 {[%clk 0:15:39]} h6 {[%clk 0:15:24]} 9. Nbd2
{[%clk 0:15:47]} Ba7 {[%clk 0:15:23]} 10. Re1 {[%clk 0:15:56]} Ne7
{[%clk 0:15:30]} 11. Nf1 {[%clk 0:16:01]} Ng6 {[%clk 0:15:34]} 12. Ng3
{[%clk 0:16:09]} c6 {[%clk 0:15:21]} 13. Bb3 {[%clk 0:16:16]} Re8
{[%clk 0:15:24]} 14. d4 {[%clk 0:16:20]} Be6 {[%clk 0:14:56]} 15. Bxe6
{[%clk 0:16:27]} Rxe6 {[%clk 0:15:04]} 16. Be3 {[%clk 0:16:03]} exd4
{[%clk 0:11:49]} 17. Bxd4 {[%clk 0:16:07]} d5 {[%clk 0:10:55]} 18. Bxa7
{[%clk 0:15:38]} Rxa7 {[%clk 0:11:03]} 19. c4 {[%clk 0:15:46]} Ra8
{[%clk 0:10:54]} 20. e5 {[%clk 0:15:12]} Nd7 {[%clk 0:10:45]} 21. cxd5
{[%clk 0:14:47]} cxd5 {[%clk 0:10:54]} 22. Qd4 {[%clk 0:14:55]} Qe8
{[%clk 0:10:02]} 23. Nf5 {[%clk 0:14:40]} Ndxe5 {[%clk 0:09:48]} 24. Nxe5
{[%clk 0:13:25]} Rxe5 {[%clk 0:09:51]} 25. Re3 {[%clk 0:09:39]} f6
{[%clk 0:09:58]} 26. Rae1 {[%clk 0:09:37]} Qd7 {[%clk 0:09:57]} 27. Rxe5
{[%clk 0:08:03]} Nxe5 {[%clk 0:09:08]} 28. Qxd5+ {[%clk 0:05:54]} Qxd5
{[%clk 0:09:17]} 29. Ne7+ {[%clk 0:06:03]} Kf7 {[%clk 0:09:26]} 30. Nxd5
{[%clk 0:06:12]} Rd8 {[%clk 0:09:27]} 31. Ne3 {[%clk 0:05:45]} Rd2
{[%clk 0:09:27]} 32. Rc1 {[%clk 0:05:54]} Ke6 {[%clk 0:06:47]} 33. Rc7
{[%clk 0:06:02]} Rd7 {[%clk 0:06:56]} 34. Rc8 {[%clk 0:06:11]} Nd3
{[%clk 0:05:24]} 35. b3 {[%clk 0:06:14]} Nf4 {[%clk 0:05:24]} 36. Kh2
{[%clk 0:06:14]} Nd5 {[%clk 0:04:35]} 37. Nc4 {[%clk 0:06:09]} Rc7
{[%clk 0:04:37]} 38. Rb8 {[%clk 0:06:07]} Kd7 {[%clk 0:03:55]} 39. Na5
{[%clk 0:06:01]} b6 {[%clk 0:04:01]} 40. Nc4 {[%clk 0:06:10]} Kc6
{[%clk 0:04:09]} 41. Kg3 {[%clk 0:06:06]} Kc5 {[%clk 0:04:03]} 42. Kg4
{[%clk 0:05:16]} g6 {[%clk 0:03:59]} 43. Kf3 {[%clk 0:05:07]} b5 {[%clk 0:03:44]}
44. axb5 {[%clk 0:04:56]} axb5 {[%clk 0:03:53]} 45. Na3 {[%clk 0:05:02]} Nc3
{[%clk 0:02:11]} 46. Nc2 {[%clk 0:05:10]} f5 {[%clk 0:01:12]} 47. Rh8
{[%clk 0:04:40]} h5 {[%clk 0:01:18]} 48. Rg8 {[%clk 0:04:35]} Rc6
{[%clk 0:01:25]} 49. Kf4 {[%clk 0:04:33]} Ne4 {[%clk 0:01:08]} 50. f3
{[%clk 0:04:35]} Nd2 {[%clk 0:01:16]} 51. b4+ {[%clk 0:04:17]} Kc4
{[%clk 0:01:22]} 52. Rd8 {[%clk 0:04:20]} Nb3 {[%clk 0:01:02]} 53. Rb8
{[%clk 0:04:14]} Kc3 {[%clk 0:00:45]} 54. Na3 {[%clk 0:04:24]} Kxb4
{[%clk 0:00:53]} 55. Nxb5 {[%clk 0:04:32]} Kc4 {[%clk 0:00:48]} 56. Kg5
{[%clk 0:04:21]} Nc5 {[%clk 0:00:54]} 57. Na7 Ra6 {[%clk 0:00:53]} 58. Nc8
{[%clk 0:04:28]} Ra2 {[%clk 0:01:01]} 59. Nb6+ {[%clk 0:04:21]} Kd4
{[%clk 0:00:57]} 60. Rd8+ {[%clk 0:04:18]} Ke3 {[%clk 0:01:06]} 61. Nd5+
{[%clk 0:03:37]} Kf2 {[%clk 0:01:15]} 62. Nf4 {[%clk 0:03:46]} Kg3
{[%clk 0:00:58]} 63. Rc8 {[%clk 0:02:43]} Ra5 {[%clk 0:00:53]} 64. h4
{[%clk 0:02:52]} Ne4+ {[%clk 0:00:57]} 65. Kxg6 {[%clk 0:01:47]} Kxf4
{[%clk 0:01:06]} 66. Rc4 {[%clk 0:01:53]} Ke3 {[%clk 0:00:54]} 67. fxe4
{[%clk 0:00:24]} fxe4 {[%clk 0:01:03]} 68. Rb4 {[%clk 0:00:28]} Kd3
{[%clk 0:00:58]} 69. g4 {[%clk 0:00:36]} hxg4 {[%clk 0:01:06]} 70. h5
{[%clk 0:00:45]} Ke3 {[%clk 0:00:48]} 71. h6 {[%clk 0:00:50]} g3 {[%clk 0:00:53]}
72. h7 {[%clk 0:00:50]} g2 {[%clk 0:00:36]} 73. Rb3+ {[%clk 0:00:36]} Kf4
{[%clk 0:00:38]} 74. Rb1 {[%clk 0:00:22]} Rg5+ {[%clk 0:00:45]} 75. Kf6
{[%clk 0:00:14]} Rh5 {[%clk 0:00:54]} 76. Kg6 {[%clk 0:00:19]} Rh1
{[%clk 0:01:02]} 77. Rg1 {[%clk 0:00:17]} Kf3 {[%clk 0:01:06]} 0-1